000
00773cam a2200289 i 4500
999
_c
7136
_d
7136
020
_a
4717702083199 :
_c
NT$250
100
1
_a
陳光,
245
1
0
_a
讓錢自己流進來 /
_c
陳光, 張景富作
250
_a
初版
260
_a
臺北市 :
_b
布克文化,
_c
2013.04
300
_a
170面 ;
_c
21公分
490
0
_a
布克學習 ;
_v
14.
500
_a
白金精裝版
942
_2
ccl
_c
BOOK